000 00508nam a2200217Ia 4500
003 0100
008 130303s9999 xx 000 0 und d
020 _a0385039921
040 _cARRUPELIB
050 _aBL25.O9 1973
245 _aReligion and Morality
245 _ba collection of essays
260 _aNew York
260 _bDoubleday
260 _C1973
300 _aviii
300 _b 448p. 21cm.
650 _aRELIGION
700 _aOutka , Gene ; Reeder , John P. (eds.)
942 0 0 _01
999 _c31321
_d31321